Online Catalogue and eLibrary

Feminist interpretations and political theory / (Record no. 381)

MARC details
000 -LEADER
fixed length control field 00680nam a2200217 a 4500
001 - CONTROL NUMBER
control field 2971875
005 - DATE AND TIME OF LATEST TRANSACTION
control field 20240214013409.0
008 - FIXED-LENGTH DATA ELEMENTS--GENERAL INFORMATION
fixed length control field 911213s1991 enk b 001 0 eng c
020 ## - INTERNATIONAL STANDARD BOOK NUMBER
ISBN 0745607047
020 ## - INTERNATIONAL STANDARD BOOK NUMBER
ISBN 0745607055 (pbk.)
040 ## - CATALOGING SOURCE (பட்டியலாக்க மூலம்)
Original cataloging agency MH
Transcribing agency MH
082 ## - DDC Classification
DDC Edition Number 22
Class No. 320.
Item Number - Author Mark FEM.
245 00 - TITLE STATEMENT
Title Feminist interpretations and political theory /
Statement of responsibility, etc. edited by Mary Lyndon Shanley and Carole Pateman.
260 ## - PUBLICATION, DISTRIBUTION, ETC.
Place of publication, distribution, etc. Cambridge, UK :
Name of publisher, distributor, etc. Polity Press in association with Basil Blackwell, Oxford, UK,
Date of publication, distribution, etc. 1991.
300 ## - PHYSICAL DESCRIPTION
Extent (e.g. Volumes, Pages etc.) x, 288 p. ;
650 #0 - SUBJECT ADDED ENTRY--TOPICAL TERM
Topical term or geographic name entry element Feminist theory.
650 #0 - SUBJECT ADDED ENTRY--TOPICAL TERM
Topical term or geographic name entry element Political science.
700 1# - ADDED ENTRY--PERSONAL NAME
Personal name Pateman, Carole.
Relator term (Role) Editor
700 1# - ADDED ENTRY--PERSONAL NAME
Personal name Shanley, Mary Lyndon,
Relator term (Role) Editor
942 ## - Koha item type (Biblio)
Koha item type Books in Stacks (Lending)
Holdings
Lost status Damaged status Collection code Home library Current library Date acquired Full call number Accession Number Item type
    Lending WERC Library WERC Library 02/14/2024 320. FEM. 2121 Books in Stacks (Lending)

© WERC Library